Imagen y semejanza: copias-réplicas-falsos-versiones: segundo coloquio de investigación en historia del arte

Sparad:
Bibliografiska uppgifter
Materialtyp: Bok
Språk:spanska
Publicerad: Santiago Museo Nacional de Bellas Artes 2016
Upplaga:1a. ed
Ämnen:
Taggar: Lägg till en tagg
Inga taggar, Lägg till första taggen!

MARC

LEADER 00000cam a2200000 a 4500
001 UCC3933
003 CL-VaPUC
005 20210826074544.0
008 180622e20160000cl 1 spa d
082 0 4 |a 709.04  |b IMA  |2 21 
245 1 0 |a Imagen y semejanza: copias-réplicas-falsos-versiones: segundo coloquio de investigación en historia del arte 
250 |a 1a. ed 
260 |a Santiago  |b Museo Nacional de Bellas Artes  |c 2016 
300 |a 132 p 
583 |a last modification  |c 20190909 09:39:21  |k Rodrigo Vera 
650 0 0 |a Filosofía del arte  |9 264951 
650 0 0 |a Historia del arte  |9 314877 
650 0 0 |a Arte contemporáneo  |9 338008 
942 |c BK 
945 |a arojas  |d 20180622 13:48:00 
546 |a En Español 
536 |a Departamento de Arte de la Universidad Alberto Hurtado 
536 |a Museo Nacional de Bellas Artes 
518 |p Coloquio de Investigación en Historia del Arte, 2, Santiago, 19 y 20 de Agosto de 2016 
999 |c 384939  |d 384937 
952 |0 0  |1 0  |3 erb  |4 0  |6 709_040000000000000_IMA_2016  |7 0  |8 A  |9 507952  |a BIBART  |b BIBART  |i 5475546  |o 709.04 IMA 2016  |p 5475546  |r 2025-03-13  |w 2020-01-23  |y BK  |z Catalogado en:20180622  |k ART